000 00446nam a2200169 a 4500
001 3374
005 20140414131922.0
008 040526s19uu xx 00 eng d
050 _aER
_bT63 1999
245 _aTortoise and the hare (The).
260 _aHong Kong :
_bGeneral Creation,
_c1999.
300 _a1 v. p. : ill. ; cm.
440 _aBaby Bear's Read Along
650 _aFairy tales.
650 _aChildren stories.
999 _c111805
_d111805